000 00581cab a2200193 4500
001 WB2510-49
008 090401t1989 xxu||||| |||| 00| 0 eng d
035 _a(Sirsi) u71744
041 _aeng
245 _aBusiness rate hotline
260 _c1989
350 _a0
490 _aBirmingham Post
_v6/3/89 p21
520 _aA telephone information hotline has been launched by a Midland chamber of commerce offering expert advice to businessmen on next years rating revaluation .
650 _aSANDWELL
690 _aRATING AND VALUATION
942 _n0
948 _c04/03/1997
999 _c45264
_d45264